| 000 | 00474nmm a2200181 a 4500 | ||
|---|---|---|---|
| 003 | AR-X00000XY | ||
| 005 | 20251128212025.0 | ||
| 008 | 177020s1956 ||||||||||||||000 | spa|| | ||
| 040 | _cAR-X00000XY | ||
| 100 | 1 | _aHeráclito, de Efeso | |
| 245 | 1 | 0 | _aFragmentos |
| 260 |
_aBuenos Aires _bs.e. _c1956 |
||
| 300 | 0 | _a48 p. | |
| 500 | _aCon anotaciones manuscritas de Alejandra Pizarnik | ||
| 700 | 1 |
_aAguirre, Raúl Gustavo _etraductor |
|
| 942 | _cBK | ||
| 998 | _cmartin | ||
| 999 |
_c22125 _d22125 |
||